Normal view MARC view
  • Great Britain

Entry Geographic Name

Number of records used in: 1

001 - CONTROL NUMBER

  • control field: 90319

003 - CONTROL NUMBER IDENTIFIER

  • control field: NUST

005 - DATE AND TIME OF LATEST TRANSACTION

  • control field: 20220306105349.0

008 - FIXED-LENGTH DATA ELEMENTS

  • fixed length control field: 220306|| aca||aabn | a|a d

040 ## - CATALOGING SOURCE

  • Original cataloging agency: NUST
  • Transcribing agency: NUST

151 ## - HEADING--GEOGRAPHIC NAME

  • Geographic name: Great Britain
  • General subdivision: History
  • Chronological subdivision: Richard I, 1189-1199
  • General subdivision: Fiction

670 ## - SOURCE DATA FOUND

  • Source citation: Work cat.: (NUST)0: Penman, Sharon Kay. 90316, The queen's man :, 1996.
© 2023 Central Library, National University of Sciences and Technology. All Rights Reserved.